000 00928nam a22002897a 4500
003 CHAP
005 20220329140945.0
008 971013s r 00010 d
010 _a60415
011 _a61387
035 _a65551
040 _cCHAP
090 _aR-3742
100 0 0 _aRzedowski Rotter, Jerzy.
_9101052
245 1 _aRubus macvaughianus sp. N. (Rosaceae) una frambuesa silvestre de posible interés hortícola
500 _aSobretiro de : Acta Botánica Mexicana 5 : 1-4, 1989
590 _aBATCH-UPD
_b10
_c20130110
_lUCH01
_h1113
590 _aBATCH-UPD
_b10
_c20130410
_lUCH01
_h0704
590 _aBATCH-UPD
_b10
_c20130914
_lUCH01
_h1434
590 _aCONVERSION
_b10
_c20130109
_lUCH01
_h1332
650 1 4 _aFrambuesa.
_942867
650 1 4 _aRubus.
_9100512
700 0 _aCalderón de Rzedowski, Graciela.
_917385
901 _aBK
942 _cREIMP
949 _aR-3742
_bBC
_cR
_d33724000615498
_eTS1
_i65551
_si
999 _c60415
_d60415